Elektrotechnická ročenka 1975
Salvato in:
| Natura: | Libro |
|---|---|
| Lingua: | slovacco |
| Pubblicazione: |
Bratislava :
Pravda,
1974
|
| Tags: |
Nessun Tag, puoi essere il primo ad aggiungerne!!
|
MARC
| LEADER | 00000nam a22000003a 4500 | ||
|---|---|---|---|
| 001 | stu34076 | ||
| 005 | 20141122054151.1 | ||
| 008 | 981124s1974------------------------slo-d | ||
| 040 | |a STU |b slo | ||
| 041 | 0 | |a slo | |
| 080 | |a 621.3(058)"1975" | ||
| 245 | |a Elektrotechnická ročenka 1975 | ||
| 260 | |a Bratislava : |b Pravda, |c 1974 | ||
| 300 | |a 377 s | ||
| 996 | |b E33298 |c E*33298 |l EE15 |s P |a 0 |w stu34076_0001 | ||
| 996 | |b E34398 |c E*34398 |l EE11 |s P |a 0 |w stu34076_0002 | ||
| 996 | |b E33320 |c E*33320 |l EE05 |s P |a 0 |w stu34076_0003 | ||
| 996 | |b 284EK03667 |c E*33263 |l EE01 |s A |a 24 |w stu34076_0005 | ||